000 00329nam a22001337a 4500
008 170127b xxu||||| |||| 00| 0 eng d
020 _a9780697294333
041 _aeng
080 _23RD
_a61
100 _a3
101 _aSHM
245 _aHEALTH EDUCATION ELEMENTARY AND MIDDLE SCHOOL APPLICATIONS
_cTELLJOHANN
942 _2udc
_cBK
999 _c3901
_d3901